[Event "World Junior U20 Girls 2018"]
[Site "Gebze"]
[Date "2018.09.06"]
[Round "2"]
[White "Rousseau, Christilla"]
[Black "Vujcic, Milena"]
[Result "0-1"]
[WhiteElo "1677"]
[BlackElo "1955"]
[Annotator "NA"]
[PlyCount "110"]
[EventDate "2018.09.05"]
[EventType "swiss"]
[EventCountry "TUR"]
[SourceTitle "playchess.com"]
[Source "ChessBase"]
[SourceQuality "1"]
[TimeControl "40/5400+30:1800+30"]

1. d4 {[%emt 0:00:30]} g6 {[%emt 0:00:30]} 2. Bf4 {[%emt 0:00:30]} Bg7 {[%emt 0:00:00]} 3. e3 {[%emt 0:00:00]} d6 {[%emt 0:00:00]} 4. Nf3 {[%emt 0:00:00]} Nd7 {[%emt 0:00:00]} 5. h3 {[%emt 0:01:30]} e5 {[%emt 0:00:00]} 6. Bh2 {[%emt 0:00:30]} Nh6 {[%emt 0:00:30]} 7. Be2 {[%emt 0:05:30]} O-O {[%emt 0:00:30]} 8. O-O {[%emt 0:05:30]} f5 {[%emt 0:00:30]} 9. c3 {[%emt 0:12:30]} Nf7 {[%emt 0:01:30]} 10. Nbd2 {[%emt 0:03:30]} Qe7 {[%emt 0:13:30]} 11. Rc1 {[%emt 0:06:30]} b6 {[%emt 0:08:30]} 12. b4 {[%emt 0:11:30]} Bb7 {[%emt 0:08:30]} 13. Nb3 {[%emt 0:05:30]} c5 {[%emt 0:07:30]} 14. a3 {[%emt 0:07:30]} Rac8 {[%emt 0:15:30]} 15. Re1 {[%emt 0:05:30]} c4 {[%emt 0:01:30]} 16. Na1 {[%emt 0:00:30]} Bxf3 {[%emt 0:05:30]} 17. Bxf3 {[%emt 0:00:30]} e4 {[%emt 0:00:30]} 18. Be2 {[%emt 0:00:30]} b5 {[%emt 0:05:30]} 19. Nc2 {[%emt 0:03:30]} Nb6 {[%emt 0:01:30]} 20. Qd2 {[%emt 0:03:30]} a6 {[%emt 0:03:30]} 21. Kh1 {[%emt 0:05:30]} Kh8 {[%emt 0:01:30]} 22. Rg1 {[%emt 0:01:27]} Rg8 {[%emt 0:00:30]} 23. Rcf1 {[%emt 0:01:54]} Rcf8 {[%emt 0:04:30]} 24. Bg3 {[%emt 0:13:37]} h6 {[%emt 0:06:19]} 25. f3 {[%emt 0:01:53]} d5 {[%emt 0:00:42]} 26. f4 {[%emt 0:00:41]} Kh7 {[%emt 0:01:57]} 27. Kh2 {[%emt 0:00:47]} Nd8 {[%emt 0:01:01]} 28. Rf2 {[%emt 0:00:31]} Rf7 {[%emt 0:01:04]} 29. Re1 {[%emt 0:00:23]} Ne6 {[%emt 0:01:12]} 30. Kh1 {[%emt 0:00:17]} Rgf8 {[%emt 0:00:00]} 31. Kg1 {[%emt 0:00:50]} Qc7 {[%emt 0:04:18]} 32. Kh2 {[%emt 0:00:25]} Rg8 {[%emt 0:00:49]} 33. Bd1 {[%emt 0:00:30]} Bf8 {[%emt 0:00:26]} 34. Be2 {[%emt 0:01:44]} Bd6 {[%emt 0:00:07]} 35. Ref1 {[%emt 0:00:17]} Rfg7 {[%emt 0:01:19]} 36. Rg1 {[%emt 0:01:04]} Qb8 {[%emt 0:02:32]} 37. Bd1 {[%emt 0:00:30]} Nc8 {[%emt 0:01:53]} 38. Be2 {[%emt 0:00:11]} Ne7 {[%emt 0:00:30]} 39. Bd1 {[%emt 0:00:46]} g5 {[%emt 0:00:41]} 40. Bh5 {[%emt 0:00:00]} Qc7 {[%emt 0:00:00]} 41. Kh1 {[%emt 0:09:13]} Rf8 {[%emt 0:04:10]} 42. Bh2 {[%emt 0:01:30]} g4 {[%emt 0:05:30]} 43. hxg4 {[%emt 0:04:55]} fxg4 {[%emt 0:00:30]} 44. g3 {[%emt 0:00:30]} Rf5 {[%emt 0:02:30]} 45. Bxg4 {[%emt 0:00:26]} Rxg4 {[%emt 0:00:00]} 46. Qe2 {[%emt 0:00:50]} h5 {[%emt 0:02:00]} 47. Rgg2 {[%emt 0:00:03]} Rf8 {[%emt 0:00:30]} 48. Rf1 {[%emt 0:03:04]} Nf5 {[%emt 0:00:30]} 49. Qf2 {[%emt 0:00:58]} Rfg8 {[%emt 0:00:30]} 50. Rfg1 {[%emt 0:01:07]} Qg7 {[%emt 0:00:30]} 51. Ne1 {[%emt 0:01:57]} Nd8 {[%emt 0:01:30]} 52. Nc2 {[%emt 0:02:42]} Nf7 {[%emt 0:00:30]} 53. Qe1 {[%emt 0:00:00]} h4 {[%emt 0:01:30]} 54. Qe2 {[%emt 0:01:58]} h3 {[%emt 0:00:30]} 55. Rf2 {[%emt 0:02:02]} Qh6 {[%emt 0:00:00]} 0-1

[Event "World Junior U20 Girls 2018"]
[Site "Gebze"]
[Date "2018.09.06"]
[Round "2"]
[White "Anandpara Jayendra Saloni"]
[Black "Kyrkjebo, Hanna B"]
[Result "0-1"]
[WhiteElo "1326"]
[BlackElo "1947"]
[Annotator "NA"]
[PlyCount "108"]
[EventDate "2018.09.05"]
[EventType "swiss"]
[EventCountry "TUR"]
[SourceTitle "playchess.com"]
[Source "ChessBase"]
[SourceQuality "1"]
[TimeControl "40/5400+30:1800+30"]

1. d4 {[%emt 0:00:30]} Nf6 {[%emt 0:00:30]} 2. Bf4 {[%emt 0:00:00]} e6 {[%emt 0:00:30]} 3. e3 {[%emt 0:00:00]} c5 {[%emt 0:00:00]} 4. c3 {[%emt 0:00:30]} Be7 {[%emt 0:00:00]} 5. Nd2 {[%emt 0:01:30]} O-O {[%emt 0:02:30]} 6. Ngf3 {[%emt 0:00:30]} b6 {[%emt 0:00:00]} 7. Bd3 {[%emt 0:00:30]} Bb7 {[%emt 0:00:00]} 8. O-O {[%emt 0:04:30]} d5 {[%emt 0:01:30]} 9. Re1 {[%emt 0:02:30] D02: 1 d4 d5 2 Nf3 sidelines, including 2...Nf6 3 g3 and 2...Nf6 3 Bf4} (9. Qb1 Nbd7 10. h3 a6 11. Bh2 Re8 12. Ne5 Nf8 13. f4 N6d7 14. Qd1 f6 15. Nef3 Bd6 16. Kh1 Qc7 17. Nh4 b5 18. e4 dxe4 19. Bxe4 cxd4 20. cxd4 {½-½ (42) Steczek,M (2382)-Worek,J (2332) Poronin 2013}) 9... Nbd7 {[%emt 0:01:30]} 10. Ne5 {[%emt 0:13:30]} Ne4 {[%emt 0:07:30]} 11. Nxd7 $146 {[%emt 0:02:30]} ({Predecessor:} 11. Nf1 f5 12. f3 Nef6 13. Ng3 Nxe5 14. Bxe5 Nd7 15. f4 Nxe5 16. fxe5 {0-1 (33) Al Balushi,M-Al Rufaye,I (2094) Muscat 2015}) 11... Qxd7 {[%emt 0:00:30]} 12. f3 {[%emt 0:05:30]} Nf6 {[%emt 0:05:30]} 13. a3 {[%emt 0:01:30]} Nh5 {[%emt 0:10:30]} 14. Bg3 {[%emt 0:00:30]} Nxg3 {[%emt 0:07:30]} 15. hxg3 {[%emt 0:00:30]} Bf6 {[%emt 0:04:30]} 16. f4 {[%emt 0:00:30]} g6 {[%emt 0:00:30]} 17. Nf3 {[%emt 0:08:30]} Qd8 {[%emt 0:05:30]} 18. g4 {[%emt 0:11:30]} Re8 {[%emt 0:11:30]} 19. g5 {[%emt 0:02:30]} Bg7 {[%emt 0:01:30]} 20. Bc2 {[%emt 0:09:30]} Rc8 {[%emt 0:09:30]} 21. Nh2 {[%emt 0:03:30]} Qe7 {[%emt 0:10:52]} 22. Ba4 {[%emt 0:01:30]} Bc6 {[%emt 0:02:04]} 23. Bxc6 {[%emt 0:00:30]} Rxc6 {[%emt 0:00:06]} 24. Rc1 {[%emt 0:00:30]} Rec8 {[%emt 0:00:32]} 25. Qf3 {[%emt 0:00:30]} cxd4 {[%emt 0:03:15]} 26. exd4 {[%emt 0:00:30]} Bxd4+ {[%emt 0:01:28]} 27. Kh1 {[%emt 0:01:30]} Qd8 {[%emt 0:03:22]} 28. Rcd1 {[%emt 0:00:30]} Bg7 {[%emt 0:01:00]} 29. Ng4 {[%emt 0:01:30]} Rc4 {[%emt 0:02:18]} 30. Ne5 {[%emt 0:04:30]} Bxe5 {[%emt 0:04:55]} 31. Rxe5 {[%emt 0:00:30]} Qf8 {[%emt 0:00:45]} 32. Qe3 {[%emt 0:02:30]} h6 {[%emt 0:02:20]} 33. Rd4 {[%emt 0:00:30]} Rxd4 {[%emt 0:00:56]} 34. Qxd4 {[%emt 0:00:30]} hxg5 {[%emt 0:01:09]} 35. fxg5 {[%emt 0:00:30]} Rc4 {[%emt 0:00:29]} 36. Qf2 {[%emt 0:04:18]} Qc5 {[%emt 0:00:32]} 37. Qe1 {[%emt 0:04:56]} Qd6 {[%emt 0:00:23]} 38. Re3 {[%emt 0:00:33]} Qe7 {[%emt 0:00:48]} 39. Re5 {[%emt 0:02:13]} Rg4 {[%emt 0:00:33]} 40. Qe3 {[%emt 0:00:00]} Rh4+ {[%emt 0:00:36]} 41. Kg1 {[%emt 0:04:00]} Qc5 {[%emt 0:03:07]} 42. Kf2 {[%emt 0:02:30]} Rf4+ {[%emt 0:05:30]} 43. Kg3 {[%emt 0:01:30]} Qxe3+ {[%emt 0:01:30]} 44. Rxe3 {[%emt 0:00:30]} Rf5 {[%emt 0:00:30]} 45. Rf3 {[%emt 0:01:30]} Rxg5+ {[%emt 0:00:30]} 46. Kf2 {[%emt 0:00:30]} Rf5 {[%emt 0:00:30]} 47. Ke3 {[%emt 0:00:30]} Rxf3+ {[%emt 0:01:30]} 48. gxf3 {[%emt 0:00:30]} Kf8 $19 {[%emt 0:00:30]} 49. f4 {[%emt 0:00:30]} Ke7 {[%emt 0:00:30]} 50. b3 {[%emt 0:00:30]} Kd6 {[%emt 0:00:30]} 51. c4 {[%emt 0:00:30]} dxc4 {[%emt 0:00:00]} 52. bxc4 {[%emt 0:00:30]} Kc5 {[%emt 0:00:00]} 53. Kd3 {[%emt 0:00:30]} f6 {[%emt 0:00:30]} 54. Kc3 {[%emt 0:00:00]} g5 {[%emt 0:00:00]} 0-1

[Event "World Junior U20 Girls 2018"]
[Site "Gebze"]
[Date "2018.09.07"]
[Round "3"]
[White "Nomin-Erdene, Davaademberel"]
[Black "Caballero Quijano, Mitzy Mishell"]
[Result "1-0"]
[WhiteElo "2377"]
[BlackElo "2034"]
[Annotator "NA"]
[PlyCount "81"]
[EventDate "2018.09.05"]
[EventType "swiss"]
[EventCountry "TUR"]
[SourceTitle "playchess.com"]
[Source "ChessBase"]
[SourceQuality "1"]
[TimeControl "40/5400+30:1800+30"]

1. e4 {[%emt 0:00:30]} e6 {[%emt 0:00:30]} 2. d4 {[%emt 0:00:30]} d5 {[%emt 0:00:00]} 3. Nc3 {[%emt 0:00:00]} Nf6 {[%emt 0:00:00]} 4. e5 {[%emt 0:00:00]} Nfd7 {[%emt 0:00:30]} 5. f4 {[%emt 0:00:30]} c5 {[%emt 0:00:00]} 6. Nf3 {[%emt 0:00:00]} Nc6 {[%emt 0:00:00]} 7. Be3 {[%emt 0:00:00]} Qb6 {[%emt 0:00:00]} 8. Na4 {[%emt 0:00:30]} Qa5+ {[%emt 0:00:00]} 9. c3 {[%emt 0:00:30]} b6 {[%emt 0:00:00]} 10. Bd2 {[%emt 0:01:30]} c4 {[%emt 0:00:00]} 11. b4 {[%emt 0:01:30]} Nxb4 {[%emt 0:00:30] C11: French: Classical System: 4 e5 and 4 Bg5 dxe4} (11... Qa6 12. Nb2 b5 13. a3 Qb7 14. Be2 Be7 15. O-O a5 16. Qe1 O-O 17. Rc1 f5 18. Nd1 Nb6 19. Ne3 {0-1 (70) Vidit,S (2718)-Duda,J (2737) Danzhou 2018}) 12. cxb4 {[%emt 0:00:30]} Bxb4 {[%emt 0:00:30]} 13. Rc1 {[%emt 0:00:30]} Bxd2+ {[%emt 0:00:30]} 14. Nxd2 {[%emt 0:00:30]} b5 {[%emt 0:00:00]} 15. Nc3 {[%emt 0:00:00]} b4 {[%emt 0:04:00]} 16. Qa4 {[%emt 0:01:00]} Qxa4 {[%emt 0:00:30]} 17. Nxa4 {[%emt 0:00:30]} a5 $146 {[%emt 0:05:30]} ({Predecessor:} 17... Bb7 18. Be2 Ke7 19. Rb1 {½-½ (38) Brueckel,G (2338)-Gilles,R (2231) IECG email 2003}) 18. Be2 {[%emt 0:14:30]} Ba6 {[%emt 0:02:30]} 19. Kf2 {[%emt 0:02:30]} O-O {[%emt 0:00:30]} 20. Ke3 {[%emt 0:28:00]} Bb5 {[%emt 0:24:00]} 21. Nc5 {[%emt 0:05:30]} Nxc5 {[%emt 0:03:30]} 22. dxc5 {[%emt 0:00:00]} Rac8 {[%emt 0:07:30]} 23. Kd4 {[%emt 0:04:00]} Rfd8 {[%emt 0:10:30]} 24. a3 {[%emt 0:10:30]} Be8 {[%emt 0:26:30]} 25. axb4 {[%emt 0:04:30]} axb4 {[%emt 0:00:30]} 26. Ra1 {[%emt 0:00:30]} Ra8 {[%emt 0:04:30]} 27. Bf3 {[%emt 0:00:30]} b3 {[%emt 0:00:30]} 28. Kc3 {[%emt 0:00:30]} Rab8 {[%emt 0:10:01]} 29. Ra5 {[%emt 0:06:30]} Kf8 {[%emt 0:01:05]} 30. Rha1 {[%emt 0:02:30]} f6 {[%emt 0:03:50]} 31. Re1 {[%emt 0:22:30]} Bg6 {[%emt 0:04:57]} 32. Kb2 {[%emt 0:00:30]} Bd3 {[%emt 0:06:18]} 33. c6 {[%emt 0:12:15]} Rdc8 $14 {[%emt 0:01:34]} 34. Rc5 {[%emt 0:00:03]} Rb6 {[%emt 0:00:25]} 35. c7 {[%emt 0:00:39]} f5 {[%emt 0:01:11]} 36. Ra1 {[%emt 0:01:27]} Ke7 {[%emt 0:00:24]} 37. Ra7 {[%emt 0:04:18]} Kd7 {[%emt 0:00:05]} 38. g4 {[%emt 0:02:29]} g6 {[%emt 0:00:38]} 39. gxf5 {[%emt 0:00:48]} gxf5 {[%emt 0:00:05]} 40. Bh5 {[%emt 0:00:00]} Rc6 {[%emt 0:00:00]} 41. Be8+ {[%emt 0:04:31]} 1-0

[Event "World Junior U20 Girls 2018"]
[Site "Gebze"]
[Date "2018.09.07"]
[Round "3"]
[White "Tokhirjonova, Gulrukhbegim"]
[Black "Serikbay, Assel"]
[Result "1-0"]
[WhiteElo "2369"]
[BlackElo "2125"]
[Annotator "NA"]
[PlyCount "59"]
[EventDate "2018.09.05"]
[EventType "swiss"]
[EventCountry "TUR"]
[SourceTitle "playchess.com"]
[Source "ChessBase"]
[SourceQuality "1"]
[TimeControl "40/5400+30:1800+30"]

1. e4 {[%emt 0:00:30]} c5 {[%emt 0:00:30]} 2. Nf3 {[%emt 0:00:30]} e6 {[%emt 0:00:00]} 3. d4 {[%emt 0:01:30]} cxd4 {[%emt 0:00:00]} 4. Nxd4 {[%emt 0:00:30]} a6 {[%emt 0:00:30]} 5. c4 {[%emt 0:00:30]} Nf6 {[%emt 0:00:30]} 6. Nc3 {[%emt 0:00:00]} Qc7 {[%emt 0:00:00]} 7. Be2 {[%emt 0:00:00]} Bb4 {[%emt 0:00:00]} 8. Nc2 {[%emt 0:04:30]} Bxc3+ {[%emt 0:34:30]} 9. bxc3 {[%emt 0:00:30]} Qe5 {[%emt 0:03:30]} 10. f3 {[%emt 0:10:30]} Qxc3+ {[%emt 0:02:30]} 11. Bd2 {[%emt 0:00:30]} Qe5 {[%emt 0:00:30]} 12. Bb4 {[%emt 0:04:30]} Nc6 {[%emt 0:31:30]} 13. Bd6 {[%emt 0:00:30]} Qa5+ {[%emt 0:00:00]} 14. Kf2 {[%emt 0:01:30]} Ng8 $16 {[%emt 0:00:00]} 15. Ne3 {[%emt 0:03:30]} f6 {[%emt 0:07:28]} 16. c5 {[%emt 0:02:30]} Nh6 {[%emt 0:00:54]} 17. Nc4 {[%emt 0:00:30]} Qd8 {[%emt 0:00:05]} 18. Qd2 {[%emt 0:03:30]} Nf7 {[%emt 0:00:30]} 19. Rhd1 {[%emt 0:00:30]} Nxd6 {[%emt 0:00:30]} 20. Nxd6+ {[%emt 0:00:30]} Kf8 {[%emt 0:00:30]} 21. Rab1 {[%emt 0:05:30]} Qe7 {[%emt 0:10:45]} 22. Kf1 {[%emt 0:03:30]} Nd8 {[%emt 0:03:03]} 23. Qa5 {[%emt 0:08:30]} Nf7 {[%emt 0:01:39]} 24. Nxb7 {[%emt 0:01:30]} Bxb7 {[%emt 0:00:59]} 25. Rxb7 {[%emt 0:00:30]} Ne5 {[%emt 0:00:30]} 26. Qb6 {[%emt 0:01:30]} g5 {[%emt 0:01:27]} 27. c6 {[%emt 0:00:30]} Qd8 {[%emt 0:00:36]} 28. c7 {[%emt 0:00:30]} Qe7 {[%emt 0:00:11]} 29. Rb8+ {[%emt 0:00:30]} Kg7 {[%emt 0:00:05]} 30. Qb7 {[%emt 0:00:30]} 1-0

[Event "World Junior U20 Girls 2018"]
[Site "Gebze"]
[Date "2018.09.07"]
[Round "3"]
[White "Hojjatova, Aydan"]
[Black "Yang, Yijing"]
[Result "1-0"]
[WhiteElo "2356"]
[BlackElo "2018"]
[Annotator "NA"]
[PlyCount "105"]
[EventDate "2018.09.05"]
[EventType "swiss"]
[EventCountry "TUR"]
[SourceTitle "playchess.com"]
[Source "ChessBase"]
[SourceQuality "1"]
[TimeControl "40/5400+30:1800+30"]

1. b4 e6 2. Bb2 Nf6 3. a3 b6 4. e3 Bb7 5. Nf3 c5 6. b5 d5 7. c4 Be7 8. cxd5 Bxd5 {[%emt 0:26:00]} 9. Nc3 {[%emt 0:24:30]} Bb7 {[%emt 0:00:30]} 10. Be2 {[%emt 0:00:30]} O-O {[%emt 0:00:30]} 11. O-O {[%emt 0:02:30]} Nd5 {[%emt 0:05:30]} 12. Qb3 {[%emt 0:05:30]} Bf6 {[%emt 0:02:30]} 13. Rfd1 {[%emt 0:03:30]} Nd7 {[%emt 0:03:30]} 14. a4 {[%emt 0:07:30]} Qc7 {[%emt 0:06:30]} 15. Rac1 {[%emt 0:06:30]} Ne5 {[%emt 0:04:30]} 16. Ne4 {[%emt 0:02:30]} Nxf3+ {[%emt 0:02:30]} 17. Bxf3 {[%emt 0:00:30]} Bxb2 {[%emt 0:02:30]} 18. Qxb2 {[%emt 0:00:30]} Qe7 $11 {[%emt 0:10:30]} 19. a5 {[%emt 0:14:30]} f5 {[%emt 0:15:32]} 20. a6 {[%emt 0:02:30]} fxe4 {[%emt 0:03:08]} 21. axb7 {[%emt 0:00:00]} exf3 {[%emt 0:02:53]} 22. bxa8=Q {[%emt 0:00:00]} Rxa8 {[%emt 0:00:49]} 23. gxf3 {[%emt 0:00:30]} Qg5+ {[%emt 0:00:34]} 24. Kh1 {[%emt 0:02:30]} Qh5 {[%emt 0:00:49]} 25. Rg1 {[%emt 0:00:00]} Qxf3+ {[%emt 0:00:10]} 26. Rg2 {[%emt 0:00:00]} g6 {[%emt 0:03:43]} 27. Qe5 {[%emt 0:02:30]} Re8 {[%emt 0:01:26]} 28. d4 {[%emt 0:03:30]} Nb4 {[%emt 0:02:55]} 29. Qg3 {[%emt 0:06:01]} Qe2 {[%emt 0:00:12]} 30. f4 {[%emt 0:08:35]} Qxb5 {[%emt 0:00:08]} 31. dxc5 {[%emt 0:00:27]} Nd3 {[%emt 0:01:51]} 32. Rcg1 {[%emt 0:03:41]} bxc5 {[%emt 0:01:19]} 33. h4 {[%emt 0:01:57]} c4 {[%emt 0:00:18]} 34. Qf3 {[%emt 0:01:08]} c3 {[%emt 0:04:14]} 35. h5 {[%emt 0:01:45]} Rc8 {[%emt 0:00:15]} 36. hxg6 {[%emt 0:00:43]} h5 {[%emt 0:00:18]} 37. g7 {[%emt 0:02:37]} a5 {[%emt 0:01:45]} 38. Rg5 {[%emt 0:00:23]} Qb2 {[%emt 0:00:55]} 39. R5g2 {[%emt 0:00:00]} Qb5 {[%emt 0:00:00]} 40. Rh2 {[%emt 0:00:00]} Qd5 {[%emt 0:00:00]} 41. Qxd5 {[%emt 0:05:13]} exd5 {[%emt 0:08:16]} 42. Rxh5 {[%emt 0:00:30]} Kf7 {[%emt 0:00:30]} 43. Rh8 {[%emt 0:00:30]} Rg8 {[%emt 0:00:00]} 44. Rxg8 {[%emt 0:01:30]} Kxg8 {[%emt 0:00:00]} 45. f5 {[%emt 0:00:30]} c2 {[%emt 0:06:38]} 46. f6 {[%emt 0:01:30]} Ne5 {[%emt 0:00:06]} 47. Kg2 {[%emt 0:05:30]} Ng4 {[%emt 0:01:06]} 48. Kf3 {[%emt 0:05:19]} Nxf6 {[%emt 0:00:16]} 49. Rc1 {[%emt 0:00:02]} Kxg7 {[%emt 0:00:30]} 50. Rxc2 {[%emt 0:00:00]} Kf7 {[%emt 0:02:18]} 51. Kf4 {[%emt 0:00:00]} Ke6 {[%emt 0:01:34]} 52. Rc6+ {[%emt 0:00:27]} Ke7 {[%emt 0:00:00]} 53. Ra6 {[%emt 0:00:00]} 1-0

[Event "World Junior U20 Girls 2018"]
[Site "Gebze"]
[Date "2018.09.07"]
[Round "3"]
[White "Gorti, Akshita"]
[Black "Wafa, Shahenda"]
[Result "1-0"]
[WhiteElo "2315"]
[BlackElo "2129"]
[Annotator "NA"]
[PlyCount "91"]
[EventDate "2018.09.05"]
[EventType "swiss"]
[EventCountry "TUR"]
[SourceTitle "playchess.com"]
[Source "ChessBase"]
[SourceQuality "1"]
[TimeControl "40/5400+30:1800+30"]

1. d4 {[%emt 0:00:30]} d5 {[%emt 0:00:30]} 2. c4 {[%emt 0:02:30]} c6 {[%emt 0:00:00]} 3. cxd5 {[%emt 0:00:30]} cxd5 {[%emt 0:00:00]} 4. Bf4 {[%emt 0:00:30]} Nf6 {[%emt 0:03:30]} 5. Nc3 {[%emt 0:00:00]} g6 {[%emt 0:02:30] LiveBook: 19 Games} 6. e3 {[%emt 0:04:00]} a6 {[%emt 0:01:30]} 7. Bd3 {[%emt 0:01:30]} Bg7 {[%emt 0:00:30]} 8. h3 {[%emt 0:01:30]} O-O {[%emt 0:00:30]} 9. Nf3 {[%emt 0:00:30]} Nc6 {[%emt 0:00:30]} 10. O-O {[%emt 0:00:30]} b5 {[%emt 0:02:30]} 11. Rc1 {[%emt 0:02:30]} Bb7 {[%emt 0:01:30]} 12. Qe2 {[%emt 0:03:30] D90: Grünfeld: 4 Nf3 Bg7 sidelines} Re8 {[%emt 0:05:30]} 13. Rfd1 $146 {[%emt 0:05:30]} ({Predecessor:} 13. Ne5 Rc8 14. a4 b4 15. Nb1 Qa5 16. Nxc6 Rxc6 17. Rxc6 Bxc6 18. Rc1 Qxa4 19. b3 Qxb3 20. Rxc6 {1-0 (52) Chu,R (2267)-Checa,N (2486) chess.com INT 2018}) 13... Rc8 {[%emt 0:02:30]} 14. Ne5 {[%emt 0:12:30]} Qa5 {[%emt 0:20:30]} 15. a3 {[%emt 0:05:30]} Qb6 {[%emt 0:06:30]} 16. b4 {[%emt 0:07:30]} Nxe5 {[%emt 0:07:30]} 17. Bxe5 {[%emt 0:01:30]} Nd7 {[%emt 0:01:30]} 18. Bxg7 {[%emt 0:04:30]} Kxg7 {[%emt 0:00:30]} 19. Qb2 {[%emt 0:01:30]} Nf6 {[%emt 0:08:30]} 20. a4 {[%emt 0:00:30]} Bc6 {[%emt 0:06:30]} 21. a5 $16 {[%emt 0:13:30]} Qb7 {[%emt 0:03:30]} 22. Nb1 {[%emt 0:01:30]} e6 {[%emt 0:06:27]} 23. Nd2 {[%emt 0:02:30]} Qe7 {[%emt 0:01:50]} 24. Rc2 {[%emt 0:03:30]} Bb7 {[%emt 0:01:15]} 25. Rdc1 {[%emt 0:00:30]} Rxc2 {[%emt 0:00:12]} 26. Rxc2 {[%emt 0:00:30]} Rc8 {[%emt 0:02:04]} 27. Rxc8 {[%emt 0:00:30]} Bxc8 {[%emt 0:00:30]} 28. Qc3 {[%emt 0:00:00]} Bb7 {[%emt 0:05:15]} 29. Nb3 {[%emt 0:01:00]} Ne8 {[%emt 0:00:59]} 30. Qc5 {[%emt 0:03:30]} Qd6 {[%emt 0:03:49]} 31. Qa7 {[%emt 0:09:39]} Bc8 {[%emt 0:03:27]} 32. Nc5 {[%emt 0:02:16]} Qc6 {[%emt 0:00:52]} 33. e4 {[%emt 0:05:51]} dxe4 {[%emt 0:02:00]} 34. Bxe4 {[%emt 0:00:51]} Qd6 {[%emt 0:01:04]} 35. Qa8 {[%emt 0:02:13]} Qc7 {[%emt 0:00:29]} 36. Bc6 {[%emt 0:01:12]} Nd6 {[%emt 0:00:08]} 37. Nxa6 {[%emt 0:00:17]} Bxa6 {[%emt 0:00:30]} 38. Qxa6 {[%emt 0:00:30]} Nf5 {[%emt 0:00:00]} 39. Bxb5 {[%emt 0:01:08]} Nxd4 {[%emt 0:00:17]} 40. Bf1 {[%emt 0:00:00]} Qc1 {[%emt 0:00:00]} 41. Qc4 {[%emt 0:01:33]} Qa1 {[%emt 0:01:52]} 42. b5 {[%emt 0:01:30]} e5 {[%emt 0:00:30]} 43. a6 {[%emt 0:01:30]} Qa5 {[%emt 0:01:30]} 44. Qd3 {[%emt 0:07:30]} f5 {[%emt 0:03:30]} 45. Qe3 {[%emt 0:01:30]} Kf6 {[%emt 0:02:30]} 46. f4 {[%emt 0:00:30]} 1-0

[Event "World Junior U20 Girls 2018"]
[Site "Gebze"]
[Date "2018.09.07"]
[Round "3"]
[White "Unuk, Laura"]
[Black "Isha Sharma"]
[Result "1/2-1/2"]
[WhiteElo "2299"]
[BlackElo "2012"]
[Annotator "NA"]
[PlyCount "124"]
[EventDate "2018.09.05"]
[EventType "swiss"]
[EventCountry "TUR"]
[SourceTitle "playchess.com"]
[Source "ChessBase"]
[SourceQuality "1"]
[TimeControl "40/5400+30:1800+30"]

1. d4 {[%emt 0:00:30]} d6 {[%emt 0:00:30]} 2. Nf3 {[%emt 0:00:30]} Nf6 {[%emt 0:00:00]} 3. c4 {[%emt 0:00:00]} g6 {[%emt 0:00:00]} 4. Nc3 {[%emt 0:00:00]} Bf5 {[%emt 0:00:30] LiveBook: 972 Games} 5. Ng5 {[%emt 0:00:00]} Bg7 {[%emt 0:01:30]} 6. e4 {[%emt 0:00:00]} Bd7 {[%emt 0:00:30]} 7. f4 {[%emt 0:00:30]} O-O {[%emt 0:00:30]} 8. Be2 {[%emt 0:00:30]} Ne8 {[%emt 0:19:30]} 9. O-O {[%emt 0:13:30]} e5 {[%emt 0:33:30]} 10. fxe5 {[%emt 0:17:00]} dxe5 {[%emt 0:00:30]} 11. d5 {[%emt 0:04:30]} Qe7 {[%emt 0:08:30]} 12. Qe1 {[%emt 0:04:30]} a5 {[%emt 0:05:30]} 13. Be3 {[%emt 0:15:30]} Na6 {[%emt 0:05:30]} 14. Rd1 {[%emt 0:01:30]} b6 {[%emt 0:10:30]} 15. d6 {[%emt 0:06:30]} Nxd6 {[%emt 0:02:30]} 16. Nd5 {[%emt 0:01:30]} Qd8 {[%emt 0:01:30]} 17. Nxb6 {[%emt 0:00:30]} cxb6 {[%emt 0:00:30]} 18. Rxd6 {[%emt 0:00:30]} Qc7 {[%emt 0:00:30]} 19. Qd1 {[%emt 0:24:30]} Bc6 {[%emt 0:00:30]} 20. c5 {[%emt 0:04:09]} Nxc5 {[%emt 0:08:30]} 21. Bxc5 {[%emt 0:00:46]} bxc5 {[%emt 0:00:30]} 22. Bc4 {[%emt 0:00:00]} Be8 {[%emt 0:00:30]} 23. Nxf7 {[%emt 0:05:49]} Bxf7 {[%emt 0:00:00]} 24. Rxf7 {[%emt 0:00:28]} Rxf7 {[%emt 0:01:00]} 25. Rd7 {[%emt 0:00:18]} Qc8 {[%emt 0:05:37]} 26. Bxf7+ {[%emt 0:04:24]} Kh8 {[%emt 0:01:02]} 27. h4 {[%emt 0:00:58]} Rb8 {[%emt 0:04:52]} 28. h5 {[%emt 0:01:14]} gxh5 {[%emt 0:00:10]} 29. Be6 {[%emt 0:01:50]} Qf8 {[%emt 0:01:15]} 30. Bf5 {[%emt 0:03:11]} Qf6 {[%emt 0:02:13]} 31. Qxh5 {[%emt 0:02:59]} h6 {[%emt 0:00:04]} 32. Qe2 {[%emt 0:01:17]} Qg5 {[%emt 0:01:00]} 33. Rd6 {[%emt 0:01:36]} Qc1+ {[%emt 0:02:39]} 34. Kh2 {[%emt 0:00:01]} Qg5 {[%emt 0:01:37]} 35. Rd3 {[%emt 0:01:20]} Qh4+ {[%emt 0:01:08]} 36. Kg1 {[%emt 0:00:36]} Qg5 {[%emt 0:03:10]} 37. b3 {[%emt 0:00:23]} c4 {[%emt 0:00:42]} 38. Rc3 {[%emt 0:00:38]} cxb3 {[%emt 0:00:40]} 39. axb3 {[%emt 0:00:03]} Rd8 {[%emt 0:00:38]} 40. Kh2 {[%emt 0:00:00]} Qh4+ {[%emt 0:00:00]} 41. Kg1 {[%emt 0:07:00]} Qg5 {[%emt 0:03:43]} 42. Qc2 {[%emt 0:01:30] [#]} Rd2 $19 {[%emt 0:03:30]} 43. Rc8+ {[%emt 0:03:30]} Bf8 {[%emt 0:00:30]} 44. Rxf8+ {[%emt 0:05:34]} Kg7 {[%emt 0:00:30]} 45. Qxd2 {[%emt 0:01:52]} Qxd2 {[%emt 0:00:30]} 46. Rb8 {[%emt 0:00:04]} Kf6 {[%emt 0:02:30]} 47. Kh2 {[%emt 0:01:51]} Qf4+ {[%emt 0:01:30]} 48. Kh3 {[%emt 0:01:57]} h5 {[%emt 0:00:30]} 49. Rb6+ {[%emt 0:02:09]} Kf7 {[%emt 0:00:30]} 50. Rb7+ {[%emt 0:00:26]} Kf8 {[%emt 0:01:30]} 51. Rb8+ {[%emt 0:01:23]} Ke7 {[%emt 0:00:00]} 52. Rb7+ {[%emt 0:00:19]} Kd6 {[%emt 0:01:00]} 53. Rd7+ {[%emt 0:00:11]} Kc5 {[%emt 0:00:00]} 54. Rd3 {[%emt 0:00:33]} Qf2 {[%emt 0:02:00]} 55. Kh2 {[%emt 0:02:23]} Kb4 {[%emt 0:01:30]} 56. Rf3 {[%emt 0:00:41]} Qe1 {[%emt 0:00:30]} 57. Rh3 {[%emt 0:01:31]} Ka3 {[%emt 0:01:30]} 58. Bg6 {[%emt 0:00:30]} h4 {[%emt 0:00:30]} 59. Bf5 {[%emt 0:00:30]} Kb2 {[%emt 0:00:30]} 60. Rf3 {[%emt 0:01:20]} Ka3 {[%emt 0:01:46]} 61. Bg6 {[%emt 0:00:19]} Kb2 {[%emt 0:00:42]} 62. Bf5 {[%emt 0:00:30]} Ka3 {[%emt 0:00:00]} 1/2-1/2